[Event "RUS-ch Rapid"]
[Site "Sochi"]
[Date "2022.10.16"]
[Round "9"]
[White "Alekseev, Evgeny V"]
[Black "Gontcharov, Vladislav"]
[Result "1/2-1/2"]
[WhiteElo "2575"]
[BlackElo "2421"]
[PlyCount "132"]
[EventDate "2022.10.15"]
[EventType "swiss (rapid)"]
[EventRounds "11"]
[EventCountry "RUS"]
[SourceTitle "CBM 210 Extra"]
[Source "ChessBase"]
[SourceDate "2022.11.30"]
[SourceVersion "1"]
[SourceVersionDate "2022.11.30"]
[SourceQuality "1"]

1. e4 e6 2. d4 d5 3. Nc3 Bb4 4. exd5 exd5 5. Bd3 c6 6. Nge2 Nf6 7. 0-0 0-0 8. Ng3 Re8 9. Nce2 Nbd7 10. c3 Bd6 11. Nf5 Bc7 12. Neg3 Nf8 13. Qf3 Bxf5 14. Nxf5 Ne6 15. Bd2 g6 16. Nh6+ Kg7 17. Rae1 Qd6 18. g3 Re7 19. h4 Rae8 20. h5 Ng5 21. Bxg5 Rxe1 22. Nf5+ gxf5 23. h6+ Kg8 24. Qxf5 Rxf1+ 25. Kxf1 Ne4 26. Bf4 Qe6 27. Qxe6 Rxe6 28. Bxc7 Rxh6 29. Kg2 Nd6 30. f3 Re6 31. Kf2 h6 32. Bb8 a6 33. a4 Kf8 34. Ba7 Ke8 35. b3 Kd7 36. Bc5 h5 37. Ba3 Rf6 38. Kg2 Rh6 39. Bc1 Rh8 40. Bf4 Ke6 41. Kh3 Nf5 42. Be5 Rg8 43. Bf4 Rc8 44. b4 Ne7 45. Bd2 Ng6 46. a5 f5 47. Bg5 Rb8 48. Bd2 b6 49. axb6 Rxb6 50. Bg5 a5 51. Bd8 Rb8 52. Bxa5 h4 53. Kh2 hxg3+ 54. Kxg3 Rh8 55. Bc7 Rh1 56. c4 Rd1 57. Be2 Rxd4 58. b5 cxb5 59. cxb5 Kd7 60. b6 Kc6 61. Bb5+ Kb7 62. Bd7 f4+ 63. Kg4 Rc4 64. Be6 Rxc7 65. bxc7 Kxc7 66. Bxd5 Ne5+ 1/2-1/2

[Event "RUS-ch Blitz"]
[Site "Sochi"]
[Date "2022.10.14"]
[Round "10"]
[White "Gontcharov, Vladislav"]
[Black "Makarian, Rudik"]
[Result "0-1"]
[WhiteElo "2421"]
[BlackElo "2505"]
[PlyCount "146"]
[EventDate "2022.10.14"]
[EventType "swiss (blitz)"]
[EventRounds "13"]
[EventCountry "RUS"]
[SourceTitle "CBM 210 Extra"]
[Source "ChessBase"]
[SourceDate "2022.11.30"]
[SourceVersion "1"]
[SourceVersionDate "2022.11.30"]
[SourceQuality "1"]

1. d4 Nf6 2. c4 g6 3. Nc3 Bg7 4. e4 d6 5. Bg5 h6 6. Be3 Ng4 7. Bc1 c5 8. d5 Bxc3+ 9. bxc3 e5 10. h3 Nf6 11. Bd3 Qe7 12. a4 a5 13. Rb1 Nbd7 14. Be3 Kd8 15. Ne2 Kc7 16. 0-0 b6 17. Qc1 g5 18. Ng3 Nf8 19. Be2 Ng6 20. Qd1 Nf4 21. Bg4 Bxg4 22. hxg4 h5 23. Qb3 Rab8 24. Qb5 Qd7 25. gxh5 N6xh5 26. Qxd7+ Kxd7 27. Rfe1 Nf6 28. f3 Kc7 29. Bxf4 exf4 30. e5 dxe5 31. Nf5 Nd7 32. Kf2 Rh2 33. Rh1 Rbh8 34. Rxh2 Rxh2 35. Re1 f6 36. Rd1 Rh8 37. Re1 Nf8 38. Ne7 Rh7 39. Nc6 Kd6 40. Rb1 Nd7 41. Rb2 f5 42. Rb1 e4 43. Re1 e3+ 44. Kg1 g4 45. Rf1 g3 46. Re1 Rh6 47. Rd1 Rh8 48. Re1 Nf6 49. Rb1 Kc7 50. Ne5 Ne8 51. Nf7 Rf8 52. d6+ Nxd6 53. Nxd6 Kxd6 54. Rxb6+ Ke5 55. Kf1 Rh8 56. Rc6 Rh1+ 57. Ke2 Rg1 58. Rxc5+ Kf6 59. Rc6+ Kg5 60. Rc8 Rxg2+ 61. Ke1 Rc2 62. c5 g2 63. Rg8+ Kf6 64. Kd1 Rxc3 65. Rxg2 Rxc5 66. Rb2 Ke5 67. Ke2 Kd4 68. Rb1 Rc2+ 69. Ke1 Rf2 70. Rb5 Rxf3 71. Rxf5 Rf2 72. Rxa5 f3 73. Ra8 Ra2 0-1

[Event "RUS-ch Blitz"]
[Site "Sochi"]
[Date "2022.10.14"]
[Round "7"]
[White "Timerkhanov, Alexander"]
[Black "Gontcharov, Vladislav"]
[Result "0-1"]
[WhiteElo "2372"]
[BlackElo "2421"]
[PlyCount "112"]
[EventDate "2022.10.14"]
[EventType "swiss (blitz)"]
[EventRounds "13"]
[EventCountry "RUS"]
[SourceTitle "CBM 210 Extra"]
[Source "ChessBase"]
[SourceDate "2022.11.30"]
[SourceVersion "1"]
[SourceVersionDate "2022.11.30"]
[SourceQuality "1"]

1. d4 Nf6 2. Bg5 e6 3. Nd2 d5 4. e3 Be7 5. Bd3 Nbd7 6. f4 c5 7. c3 b6 8. Ngf3 Bb7 9. Bxf6 Nxf6 10. Ne5 0-0 11. Qf3 a5 12. 0-0 Ba6 13. Bxa6 Rxa6 14. g4 Ne8 15. g5 b5 16. Qh5 f6 17. gxf6 Nxf6 18. Qh3 b4 19. Kh1 bxc3 20. bxc3 cxd4 21. Rg1 Ne8 22. cxd4 Bf6 23. Ndf3 Qe7 24. Ng5 Bxg5 25. Rxg5 Nd6 26. Rag1 Nf5 27. Rh5 h6 28. Ng6 Qf7 29. Nxf8 Kxf8 30. Qf3 Kg8 31. Rh3 Kh7 32. Qe2 Rc6 33. Rf3 Qc7 34. Rff1 Rc2 35. Qf3 Qc3 36. Rf2 Rc1 37. Rxc1 Qxc1+ 38. Rf1 Qd2 39. Qf2 Qd3 40. Re1 Nd6 41. Qe2 Qc3 42. Rb1 Nf5 43. Re1 a4 44. Rd1 a3 45. Rd3 Qc1+ 46. Qd1 Qb2 47. Rd2 Qc3 48. Rd3 Qb2 49. Qd2 Qb1+ 50. Qd1 Qb2 51. Qd2 Qb1+ 52. Kg2 Nh4+ 53. Kh3 Nf5 54. Qd1 Qxa2 55. Qb3 Qf2 56. Qxa3 Qf3# 0-1

[Event "Kemerovo Region Cup"]
[Site "Kemerovo"]
[Date "2014.08.26"]
[Round "6"]
[White "Khegay, Dmitriy"]
[Black "Gontcharov, Vladislav"]
[Result "0-1"]
[WhiteElo "2369"]
[BlackElo "2413"]
[PlyCount "74"]
[EventDate "2014.08.21"]
[EventType "swiss"]
[EventRounds "7"]
[EventCountry "RUS"]
[SourceTitle "CBM 162 Extra"]
[Source "ChessBase"]
[SourceDate "2014.10.17"]
[SourceVersion "1"]
[SourceVersionDate "2014.10.17"]
[SourceQuality "1"]

1. d4 Nf6 2. c4 c5 3. d5 e6 4. Nc3 exd5 5. cxd5 d6 6. Nf3 g6 7. Bf4 a6 8. Nd2 Nbd7 9. Qc2 Be7 10. h3 0-0 11. e4 Re8 12. Be2 Bf8 13. a4 Ne5 14. 0-0 Nfd7 15. Bxe5 Nxe5 16. f4 Nd7 17. Nc4 Nb6 18. Nxb6 Qxb6 19. f5 Qb4 20. f6 Bh6 21. Rf3 Bd7 22. a5 c4 23. Kh1 Rac8 24. Rg3 Rc5 25. Rf1 Qxa5 26. h4 Re5 27. Bg4 Bxg4 28. Rxg4 Rc8 29. Qe2 b5 30. Qf2 b4 31. Ne2 c3 32. bxc3 bxc3 33. Nd4 Qc5 34. Nc6 Rxc6 35. dxc6 c2 36. Qxc5 Rxc5 37. e5 dxe5 0-1

[Event "Kemerovo-ch op"]
[Site "Kemerovo"]
[Date "2012.03.12"]
[Round "4"]
[White "Gontcharov, Vladislav"]
[Black "Cheremnova, Tamara"]
[Result "1-0"]
[WhiteElo "2422"]
[BlackElo "2255"]
[PlyCount "101"]
[EventDate "2012.03.04"]
[EventType "swiss"]
[EventRounds "9"]
[EventCountry "RUS"]
[SourceTitle "EXT 2014"]
[Source "ChessBase"]
[SourceDate "2013.11.20"]
[SourceVersion "1"]
[SourceVersionDate "2013.11.20"]
[SourceQuality "1"]

1. d4 d5 2. Nf3 c6 3. g3 Bf5 4. Bg2 Nf6 5. 0-0 Nbd7 6. b3 e6 7. Bb2 Bd6 8. h3 0-0 9. Nbd2 h6 10. Ne5 Qe7 11. a3 a5 12. c4 Rfd8 13. Qc1 Ne4 14. Nxd7 Rxd7 15. c5 Bc7 16. Nf3 f6 17. b4 e5 18. e3 Ng5 19. Nxg5 hxg5 20. dxe5 fxe5 21. e4 Be6 22. exd5 Bxd5 23. Re1 Rad8 24. Qe3 Bxg2 25. Kxg2 Rd5 26. Bc1 Qf7 27. Qxg5 e4 28. Qg4 Be5 29. Ra2 Rxc5 30. bxc5 Qxa2 31. Qxe4 Bd4 32. Be3 Bxe3 33. Rxe3 Rf8 34. Qe6+ Qxe6 35. Rxe6 Rf5 36. Re7 Rxc5 37. Rxb7 Rc3 38. Rc7 a4 39. h4 Kh7 40. g4 Kg6 41. f3 Kf6 42. Kg3 g6 43. Ra7 Rxa3 44. Ra6 Rc3 45. Rxa4 c5 46. Ra6+ Kf7 47. Kf4 c4 48. Rc6 Rc1 49. Kg5 c3 50. Rc7+ Ke6 51. Kxg6 1-0

[Event "Kemerovo-ch"]
[Site "Kemerovo"]
[Date "2011.03.02"]
[Round "4"]
[White "Vlassov, Nikolai"]
[Black "Gontcharov, Vladislav"]
[Result "1-0"]
[WhiteElo "2449"]
[BlackElo "2435"]
[PlyCount "81"]
[EventDate "2011.02.20"]
[EventType "swiss"]
[EventRounds "9"]
[EventCountry "RUS"]
[SourceTitle "CBM 141 Extra"]
[Source "ChessBase"]
[SourceDate "2011.05.03"]
[SourceVersion "1"]
[SourceVersionDate "2011.05.03"]
[SourceQuality "1"]

1. e4 e6 2. d4 d5 3. exd5 exd5 4. Nf3 Nc6 5. Bb5 Bd6 6. c4 dxc4 7. Bxc4 Nge7 8. Ng5 Bb4+ 9. Nc3 Qxd4 10. Bxf7+ Kf8 11. Bb3 Bg4 12. Qc2 Qe5+ 13. Be3 Nd4 14. Qd3 Nxb3 15. axb3 h6 16. Rxa7 Re8 17. Nf3 Bxf3 18. gxf3 Nd5 19. Rxb7 Nf4 20. Qc4 Bxc3+ 21. Qxc3 Qf5 22. Rxc7 Rh7 23. Qc2 Nd3+ 24. Ke2 Nf4+ 25. Kd2 Qa5+ 26. Kc1 Qa1+ 27. Qb1 Nd3+ 28. Kd2 Qa5+ 29. Rc3 Rd8 30. Ke2 Ne5 31. Qxh7 Qb5+ 32. Rc4 Nxc4 33. Qh8+ Kf7 34. Qxd8 Ne5+ 35. Kd2 Nxf3+ 36. Kc1 Qc6+ 37. Kd1 Ne5 38. Re1 Qb7 39. b4 Qe4 40. Qc7+ Kg8 41. Qxg7+ 1-0

[Event "Sibiria Region-chT"]
[Site "Kemerovo"]
[Date "2010.11.21"]
[Round "3"]
[White "Gontcharov, Vladislav"]
[Black "Mikhalchenko, Petr"]
[Result "1-0"]
[WhiteElo "2431"]
[BlackElo "2410"]
[PlyCount "147"]
[EventDate "2010.11.19"]
[EventType "team-tourn"]
[EventRounds "5"]
[EventCountry "RUS"]
[SourceTitle "EXT 2012"]
[Source "ChessBase"]
[SourceDate "2011.11.24"]
[SourceVersion "1"]
[SourceVersionDate "2011.11.24"]
[SourceQuality "1"]

1. d4 Nf6 2. c4 e6 3. Nc3 Bb4 4. Nf3 0-0 5. Bg5 h6 6. Bh4 d5 7. e3 Nbd7 8. Rc1 Be7 9. cxd5 exd5 10. Bd3 Re8 11. 0-0 c6 12. Bg3 Bf8 13. Nd2 a6 14. Bb1 g6 15. Bh4 Be7 16. a3 Nh5 17. Bxe7 Qxe7 18. Na4 Ng7 19. Re1 Nf6 20. Nb6 Rb8 21. Nxc8 Rbxc8 22. b4 Ne4 23. Nxe4 dxe4 24. Rc5 Rcd8 25. Ba2 Kh7 26. Qc2 f5 27. h3 Qh4 28. d5 cxd5 29. Rxd5 Rc8 30. Qb3 Re7 31. Red1 Qf6 32. Rd8 Rxd8 33. Rxd8 Ne6 34. g3 Qe5 35. h4 g5 36. Rd5 Qa1+ 37. Rd1 Qe5 38. hxg5 hxg5 39. Rd5 Qa1+ 40. Kg2 f4 41. Qb1 Qxb1 42. Bxb1 Nc7 43. Rxg5 fxe3 44. fxe3 Nb5 45. Rg4 Nc3 46. Bc2 Kh6 47. Kf2 b6 48. Ke1 Nd5 49. Rxe4 Rxe4 50. Bxe4 Nxe3 51. Bd3 a5 52. bxa5 bxa5 53. Kd2 Nd5 54. Be4 Nb6 55. Kc3 Kg5 56. Bf3 Kf5 57. Kd4 Nd7 58. Bb7 Ne5 59. Bc8+ Kf6 60. Kc5 Nf7 61. g4 Ke5 62. a4 Nd6 63. Bd7 Nf7 64. Bf5 Nd6 65. Kb6 Kd4 66. Kxa5 Kc5 67. Bd7 Ne4 68. Bb5 Ng5 69. Ka6 Ne6 70. Kb7 Nf4 71. a5 Kxb5 72. a6 Ne6 73. a7 Nc5+ 74. Kc7 1-0

[Event "Sibiria Region-chT"]
[Site "Kemerovo"]
[Date "2010.11.21"]
[Round "4"]
[White "Pokazanjev, Nikolai"]
[Black "Gontcharov, Vladislav"]
[Result "1-0"]
[WhiteElo "2427"]
[BlackElo "2431"]
[PlyCount "93"]
[EventDate "2010.11.19"]
[EventType "team-tourn"]
[EventRounds "5"]
[EventCountry "RUS"]
[SourceTitle "EXT 2012"]
[Source "ChessBase"]
[SourceDate "2011.11.24"]
[SourceVersion "1"]
[SourceVersionDate "2011.11.24"]
[SourceQuality "1"]

1. e4 e6 2. d4 d5 3. e5 c5 4. c3 Nc6 5. Nf3 Nge7 6. Na3 cxd4 7. cxd4 Nf5 8. Nc2 Nb4 9. Nxb4 Bxb4+ 10. Bd2 Qa5 11. Bxb4 Qxb4+ 12. Qd2 Qxd2+ 13. Kxd2 Bd7 14. Bd3 Ne7 15. Rac1 h6 16. h4 Rc8 17. Rxc8+ Nxc8 18. h5 Ke7 19. Nh4 a6 20. f4 Na7 21. g4 Rc8 22. f5 Nc6 23. Nf3 Rf8 24. Rg1 f6 25. Ke3 Rc8 26. Kf4 Nb4 27. Bb1 Rc4 28. exf6+ Kxf6 29. fxe6 Bxe6 30. g5+ hxg5+ 31. Rxg5 Bf7 32. Bg6 Be6 33. a3 Nc6 34. Bd3 Rc1 35. Rg6+ Ke7 36. Rxg7+ Kf6 37. Rxb7 Rh1 38. Rh7 Rd1 39. Rh6+ Ke7 40. Bf5 Bxf5 41. Rxc6 Be4 42. Ng5 Rf1+ 43. Ke3 Bb1 44. Rxa6 Rf5 45. Re6+ Kf8 46. Re5 Rf1 47. Rxd5 1-0